Bytový dom

Saved in:
Bibliographic Details
Main Author: Kaprinaiová, Kristína, 1988- (Author)
Other Authors: Leitnerová, Soňa, 1985- (Thesis advisor)
Format: Manuscript Book
Language:Slovak
Published: Bratislava : STU v Bratislave SvF, 2014
Subjects:
Online Access:VAIS
https://opac.crzp.sk/?fn=detailBiblioForm&sid=74191DCBA790A6B783C5287CEF6C
Tags: Add Tag
No Tags, Be the first to tag this record!

MARC

LEADER 00000ntm a22000003a 4500
001 stu297120
005 20230908110028.7
008 140919s2014----xo------------------slo-d
040 |a STU  |b slo 
041 0 |a slo 
044 |a xo 
100 1 |a Kaprinaiová, Kristína,  |d 1988-  |4 aut  |u V  |T SvF Stavebná fakulta  |X 58587  |U V  |Y 10  |7 A000058587 
242 0 0 |a Apartman building  |y eng 
245 1 |a Bytový dom 
260 |a Bratislava :  |b STU v Bratislave SvF,  |c 2014 
650 7 |a floor  |2 estusub 
650 7 |a pozemné stavby a architektúra  |2 stusub 
700 1 |a Leitnerová, Soňa,  |d 1985-  |4 ths  |u V180  |U SvF Stavebná fakulta  |T SvF Katedra konštrukcií pozemných stavieb  |X 28283  |U V180  |Y 18  |7 A000028283 
856 4 |a info a plný text  |u http://is.stuba.sk/zp/portal_zp.pl?podrobnosti=59973  |3 VAIS 
856 4 |a CRZP  |u https://opac.crzp.sk/?fn=detailBiblioForm&sid=74191DCBA790A6B783C5287CEF6C